[Event "DEM U14 2023"]
[Site "Willingen GER"]
[Date "2023.06.01"]
[Round "7"]
[White "Türel, Tugrul"]
[Black "Burkart, Lloyd Shang"]
[Result "1/2-1/2"]
[Termination "normal"]
[Board "10"]
[WhiteElo "1855"]
[BlackElo "1956"]
[WhiteClock "00:00:50"]
[BlackClock "00:00:34"]
[PlyCount "111"]
[WhiteFideId "26338408"]
[BlackFideId "16239059"]
[EventCountry "GER"]
[EventRounds "9"]
[EventType "swiss"]
[EventDate "2023.05.27"]

1. e4 {[%clk 01:30:54]} {[%emt 00:00:05]} c5 {[%clk 01:30:48]} {[%emt
00:00:12]} 2. c4 {[%clk 01:31:16]} {[%emt 00:00:07]} Nc6 {[%clk 01:29:28]}
{[%emt 00:01:50]} 3. Nc3 {[%clk 01:31:42]} {[%emt 00:00:05]} e5 {[%clk
01:28:30]} {[%emt 00:01:28]} 4. Nge2 {[%clk 01:32:06]} {[%emt 00:00:05]} Nge7
{[%clk 01:27:41]} {[%emt 00:01:19]} 5. d3 {[%clk 01:32:16]} {[%emt 00:00:20]}
g6 {[%clk 01:27:39]} {[%emt 00:00:32]} 6. g3 {[%clk 01:32:43]} {[%emt
00:00:04]} Bg7 {[%clk 01:27:50]} {[%emt 00:00:19]} 7. Bg2 {[%clk 01:33:09]}
{[%emt 00:00:04]} O-O {[%clk 01:28:15]} {[%emt 00:00:05]} 8. O-O {[%clk
01:33:35]} {[%emt 00:00:03]} d6 {[%clk 01:28:37]} {[%emt 00:00:09]} 9. a3
{[%clk 01:33:44]} {[%emt 00:00:20]} a6 {[%clk 01:13:58]} {[%emt 00:15:09]} 10.
Rb1 {[%clk 01:34:09]} {[%emt 00:00:06]} Rb8 {[%clk 01:13:41]} {[%emt 00:00:46]}
11. b4 {[%clk 01:34:32]} {[%emt 00:00:07]} cxb4 {[%clk 01:14:02]} {[%emt
00:00:10]} 12. axb4 {[%clk 01:34:57]} {[%emt 00:00:05]} b5 {[%clk 01:14:30]}
13. cxb5 {[%clk 01:35:16]} {[%emt 00:00:11]} axb5 {[%clk 01:14:59]} {[%emt
00:00:01]} 14. Be3 {[%clk 01:34:33]} {[%emt 00:01:12]} f5 {[%clk 01:12:54]}
{[%emt 00:02:36]} 15. f4 {[%clk 01:34:59]} {[%emt 00:00:05]} Nd4 {[%clk
01:02:50]} {[%emt 00:10:33]} 16. Bxd4 {[%clk 01:30:30]} {[%emt 00:04:59]} exd4
{[%clk 01:03:14]} {[%emt 00:00:06]} 17. Qb3+ {[%clk 01:30:31]} {[%emt
00:00:28]} Kh8 {[%clk 01:02:20]} {[%emt 00:01:25]} 18. Nd1 {[%clk 01:27:49]}
{[%emt 00:03:12]} Qb6 {[%clk 00:55:40]} {[%emt 00:07:10]} 19. Nf2 {[%clk
01:27:57]} {[%emt 00:00:22]} Bb7 {[%clk 00:53:03]} {[%emt 00:03:06]} 20. Kh1
{[%clk 00:55:58]} {[%emt 00:32:29]} Rfe8 {[%clk 00:48:33]} {[%emt 00:05:00]}
21. Rfe1 {[%clk 00:49:14]} {[%emt 00:07:14]} Ng8 {[%clk 00:44:51]} {[%emt
00:04:12]} 22. Ng1 {[%clk 00:38:29]} {[%emt 00:11:16]} Nf6 {[%clk 00:44:07]}
{[%emt 00:01:13]} 23. Ngh3 {[%clk 00:19:58]} {[%emt 00:19:02]} h6 {[%clk
00:30:37]} {[%emt 00:14:00]} 24. Qf7 {[%clk 00:16:58]} {[%emt 00:03:30]} Kh7
{[%clk 00:30:54]} {[%emt 00:00:13]} 25. Rbc1 {[%clk 00:14:46]} {[%emt
00:02:42]} Rf8 {[%clk 00:24:06]} {[%emt 00:07:17]} 26. Qc7 {[%clk 00:13:36]}
{[%emt 00:01:41]} Qxc7 {[%clk 00:23:59]} {[%emt 00:00:38]} 27. Rxc7 {[%clk
00:14:04]} {[%emt 00:00:01]} Rfc8 {[%clk 00:24:24]} {[%emt 00:00:05]} 28. Rec1
{[%clk 00:13:40]} {[%emt 00:00:54]} Ne8 {[%clk 00:24:42]} {[%emt 00:00:12]} 29.
Rxc8 {[%clk 00:11:53]} {[%emt 00:02:18]} Rxc8 {[%clk 00:25:11]} {[%emt
00:00:01]} 30. Rxc8 {[%clk 00:12:13]} {[%emt 00:00:09]} Bxc8 {[%clk 00:25:39]}
{[%emt 00:00:02]} 31. exf5 {[%clk 00:08:44]} {[%emt 00:03:59]} Bxf5 {[%clk
00:24:19]} {[%emt 00:01:50]} 32. Ne4 {[%clk 00:03:41]} {[%emt 00:05:32]} d5
{[%clk 00:12:35]} {[%emt 00:12:15]} 33. Nc5 {[%clk 00:03:09]} {[%emt 00:01:02]}
Bf8 {[%clk 00:07:14]} {[%emt 00:05:51]} 34. Nf2 {[%clk 00:03:15]} {[%emt
00:00:24]} Nc7 {[%clk 00:06:33]} {[%emt 00:01:11]} 35. g4 {[%clk 00:01:30]}
{[%emt 00:02:15]} Bxc5 {[%clk 00:06:58]} {[%emt 00:00:05]} 36. bxc5 {[%clk
00:01:59]} {[%emt 00:00:02]} Bd7 {[%clk 00:06:44]} {[%emt 00:00:43]} 37. h3
{[%clk 00:02:14]} {[%emt 00:00:15]} b4 {[%clk 00:06:39]} {[%emt 00:00:36]} 38.
Nd1 {[%clk 00:02:02]} {[%emt 00:00:41]} Na6 {[%clk 00:06:25]} {[%emt 00:00:44]}
39. Bxd5 {[%clk 00:01:06]} {[%emt 00:01:27]} Nxc5 {[%clk 00:06:54]} {[%emt
00:00:01]} 40. Nb2 {[%clk 00:01:23]} {[%emt 00:00:12]} Na4 {[%clk 00:05:33]}
{[%emt 00:01:51]} 41. Nd1 {[%clk 00:04:43]} {[%emt 00:27:10]} Bb5 {[%clk
00:35:14]} {[%emt 00:00:49]} 42. Bb3 {[%clk 00:02:17]} {[%emt 00:02:55]} Nc5
{[%clk 00:35:02]} {[%emt 00:00:43]} 43. Bc4 {[%clk 00:02:37]} {[%emt 00:00:09]}
Bxc4 {[%clk 00:29:13]} {[%emt 00:06:19]} 44. dxc4 {[%clk 00:03:06]} {[%emt
00:00:02]} Nd3 {[%clk 00:15:43]} {[%emt 00:14:00]} 45. Kg2 {[%clk 00:02:47]}
{[%emt 00:00:49]} b3 {[%clk 00:05:09]} {[%emt 00:11:04]} 46. Kf3 {[%clk
00:02:02]} {[%emt 00:01:15]} Kg7 {[%clk 00:05:37]} {[%emt 00:00:01]} 47. g5
{[%clk 00:00:39]} {[%emt 00:01:54]} hxg5 {[%clk 00:03:23]} {[%emt 00:02:45]}
48. fxg5 {[%clk 00:01:03]} {[%emt 00:00:05]} b2 {[%clk 00:03:00]} {[%emt
00:00:54]} 49. Nxb2 {[%clk 00:01:24]} {[%emt 00:00:08]} Nxb2 {[%clk 00:03:29]}
50. c5 {[%clk 00:01:47]} {[%emt 00:00:07]} Kf7 {[%clk 00:03:29]} {[%emt
00:00:30]} 51. h4 {[%clk 00:00:55]} {[%emt 00:01:22]} Ke6 {[%clk 00:01:25]}
{[%emt 00:02:33]} 52. c6 {[%clk 00:00:41]} {[%emt 00:00:45]} Nc4 {[%clk
00:00:56]} {[%emt 00:01:00]} 53. Ke4 {[%clk 00:00:34]} {[%emt 00:00:36]} d3
{[%clk 00:00:34]} {[%emt 00:00:52]} 54. c7 {[%clk 00:00:50]} {[%emt 00:00:14]}
Nd6+ {[%emt 00:00:31]} 55. Kxd3 {[%emt 00:00:45]} Ke5 {[%emt 00:00:02]} 56.
Ke4+ {[%emt 00:00:01]} 1/2-1/2

[Event "DEM U14 2023"]
[Site "Willingen GER"]
[Date "2023.06.01"]
[Round "7"]
[White "Stichter, Constantin Paul"]
[Black "Bräutigam, Alexander"]
[Result "1/2-1/2"]
[Termination "normal"]
[Board "11"]
[WhiteElo "1959"]
[BlackElo "1892"]
[WhiteClock "00:02:41"]
[BlackClock "00:04:12"]
[PlyCount "72"]
[WhiteFideId "34603140"]
[BlackFideId "16245210"]
[EventCountry "GER"]
[EventRounds "9"]
[EventType "swiss"]
[EventDate "2023.05.27"]

{[%evp 0,72,19,16,42,42,85,58,58,42,36,26,86,25,32,-7,-3,8,1,1,20,20,12,32,43,
63,105,50,61,34,46,48,50,59,35,0,38,6,32,20,14,-5,22,22,26,-2,-2,-31,-26,-81,
-50,-48,11,-13,-24,-26,-31,-93,-85,-114,-114,-110,-122,-152,-108,-143,-51,-169,
-129,-147,-146,-165,-165,-209,-172]} 1. e4 {[%emt 0:00:02]} c5 {[%emt 0:00:05]}
2. Nf3 {[%emt 0:00:04]} d6 {[%emt 0:00:04]} 3. d4 {[%emt 0:00:03]} cxd4 {[%emt
0:00:02]} 4. Nxd4 {[%emt 0:00:04]} Nf6 {[%emt 0:00:06]} 5. Nc3 {[%emt 0:00:02]}
a6 {[%emt 0:00:05]} 6. h3 {[%emt 0:00:33]} e5 {[%emt 0:02:51]} 7. Nde2 {[%emt
0:01:22]} Be7 {[%emt 0:11:31]} 8. g4 {[%emt 0:00:11]} h6 {[%emt 0:02:14]} 9.
Bg2 {[%emt 0:01:17]} b5 {[%emt 0:02:26]} 10. Be3 {[%emt 0:01:57]} Bb7 {[%emt
0:00:18]} 11. Ng3 {[%emt 0:00:29]} g6 {[%emt 0:03:41]} 12. Qd2 {[%emt 0:10:52]}
h5 {[%emt 0:04:29]} 13. gxh5 {[%emt 0:02:37]} Nxh5 {[%emt 0:00:40]} 14. Nxh5
{[%emt 0:02:00]} Rxh5 {[%emt 0:01:03]} 15. Nd5 {[%emt 0:00:01]} Bxd5 {[%emt
0:01:29]} 16. Qxd5 {[%emt 0:02:28]} Nd7 {[%emt 0:00:11]} 17. Rd1 {[%emt
0:18:54]} Qc8 {[%emt 0:08:34]} 18. c3 {[%emt 0:27:30]} Nf6 {[%emt 0:03:45]} 19.
Qd3 {[%emt 0:03:35]} Qe6 {[%emt 0:08:57]} 20. a4 {[%emt 0:01:21]} Qb3 {[%emt
0:06:08]} 21. axb5 {[%emt 0:00:29]} axb5 {[%emt 0:00:29]} 22. Bf3 {[%emt
0:00:16]} Rh7 {[%emt 0:03:38]} 23. Bg5 {[%emt 0:07:17]} Qxb2 {[%emt 0:02:38]}
24. Be2 {[%emt 0:01:51]} Kf8 {[%emt 0:11:17]} 25. Rb1 {[%emt 0:04:01]} Qa3
{[%emt 0:01:59]} 26. O-O {[%emt 0:02:18]} Rc8 {[%emt 0:07:12]} 27. Rfc1 {[%emt
0:07:21]} Kg7 {[%emt 0:01:05]} 28. Bxf6+ {[%emt 0:00:27]} Bxf6 {[%emt 0:00:24]}
29. Bg4 {[%emt 0:00:15]} Rc4 {[%emt 0:04:46]} 30. Rc2 {[%emt 0:01:21]} Qa4
{[%emt 0:04:32]} 31. Bd7 {[%emt 0:00:25]} Qa8 {[%emt 0:01:30]} 32. Re2 {[%emt
0:00:19]} Qa3 {[%emt 0:00:58]} 33. Rc2 {[%emt 0:00:22]} Qa8 {[%emt 0:00:23]}
34. Re2 {[%emt 0:00:53]} Rh4 {[%emt 0:05:27]} 35. Bg4 {[%emt 0:00:54]} Qc6
{[%emt 0:00:43]} 36. Rb3 {[%emt 0:00:07]} Kh7 {[%emt 0:03:29]} 1/2-1/2

[Event "DEM U14 2023"]
[Site "Willingen GER"]
[Date "2023.06.01"]
[Round "7"]
[White "Navarro Jahnke, Leo"]
[Black "Mester, Philipp"]
[Result "1/2-1/2"]
[Termination "normal"]
[Board "12"]
[WhiteElo "1954"]
[BlackElo "1730"]
[WhiteClock "00:20:22"]
[BlackClock "00:03:18"]
[PlyCount "158"]
[WhiteFideId "16234146"]
[BlackFideId "34624902"]
[EventCountry "GER"]
[EventRounds "9"]
[EventType "swiss"]
[EventDate "2023.05.27"]

1. d4 {[%clk 01:30:56]} {[%emt 00:00:02]} f5 {[%clk 01:30:58]} {[%emt
00:00:03]} 2. Nf3 {[%clk 01:31:11]} {[%emt 00:00:14]} Nf6 {[%clk 01:30:44]}
{[%emt 00:00:45]} 3. c4 {[%clk 01:30:59]} {[%emt 00:00:42]} g6 {[%clk
01:30:50]} {[%emt 00:00:24]} 4. Bf4 {[%clk 01:30:50]} {[%emt 00:00:38]} Bg7
{[%clk 01:31:01]} {[%emt 00:00:19]} 5. Nc3 {[%clk 01:30:53]} {[%emt 00:00:27]}
d6 {[%emt 00:01:40]} 6. e3 {[%clk 01:30:38]} {[%emt 00:00:04]} Nc6 {[%clk
01:29:27]} {[%emt 00:01:35]} 7. Be2 {[%clk 01:30:08]} {[%emt 00:01:00]} O-O
{[%clk 01:24:00]} {[%emt 00:05:58]} 8. O-O {[%clk 01:29:29]} {[%emt 00:01:09]}
e6 {[%clk 01:15:07]} {[%emt 00:09:24]} 9. h3 {[%clk 01:27:59]} {[%emt
00:01:58]} Ne4 {[%clk 01:06:11]} {[%emt 00:09:26]} 10. Qc2 {[%clk 01:23:11]}
{[%emt 00:05:18]} e5 {[%clk 00:57:06]} {[%emt 00:09:36]} 11. dxe5 {[%clk
01:06:07]} {[%emt 00:17:34]} Nxc3 {[%clk 00:45:15]} {[%emt 00:12:20]} 12. Qxc3
{[%clk 01:05:09]} {[%emt 00:01:28]} dxe5 {[%clk 00:45:36]} {[%emt 00:00:10]}
13. Bg5 {[%clk 01:01:40]} {[%emt 00:03:59]} Qe8 {[%clk 00:42:43]} {[%emt
00:03:22]} 14. c5 {[%clk 00:56:27]} {[%emt 00:05:43]} e4 {[%clk 00:39:05]}
{[%emt 00:04:08]} 15. Nd4 {[%clk 00:56:24]} {[%emt 00:00:33]} Nxd4 {[%clk
00:38:12]} {[%emt 00:01:23]} 16. exd4 {[%clk 00:53:15]} {[%emt 00:03:40]} Be6
{[%clk 00:36:31]} {[%emt 00:02:10]} 17. Rac1 {[%clk 00:48:22]} {[%emt
00:05:23]} Qf7 {[%clk 00:33:46]} {[%emt 00:03:15]} 18. b3 {[%clk 00:42:57]}
{[%emt 00:05:54]} Bf6 {[%clk 00:31:40]} {[%emt 00:02:37]} 19. Bxf6 {[%clk
00:42:21]} {[%emt 00:01:07]} Qxf6 {[%clk 00:31:51]} {[%emt 00:00:18]} 20. Rfd1
{[%clk 00:42:18]} {[%emt 00:00:34]} Rfd8 {[%clk 00:31:27]} {[%emt 00:00:53]}
21. c6 {[%clk 00:37:37]} {[%emt 00:06:46]} b6 {[%clk 00:29:14]} {[%emt
00:01:07]} 22. Rd2 {[%clk 00:35:13]} {[%emt 00:02:55]} a6 {[%clk 00:19:45]}
{[%emt 00:09:59]} 23. Rcd1 {[%clk 00:33:38]} {[%emt 00:02:05]} Bd5 {[%clk
00:18:56]} {[%emt 00:01:19]} 24. Bc4 {[%clk 00:30:36]} {[%emt 00:03:32]} b5
{[%clk 00:14:46]} {[%emt 00:04:40]} 25. Bxd5+ {[%clk 00:30:55]} {[%emt
00:00:12]} Rxd5 {[%clk 00:15:10]} {[%emt 00:00:05]} 26. a4 {[%clk 00:30:56]}
{[%emt 00:00:29]} Qd6 {[%clk 00:12:43]} {[%emt 00:02:56]} 27. axb5 {[%clk
00:29:47]} {[%emt 00:01:40]} axb5 {[%clk 00:11:44]} {[%emt 00:01:29]} 28. g3
{[%clk 00:26:19]} {[%emt 00:03:57]} Qf6 {[%clk 00:10:04]} {[%emt 00:02:09]} 29.
Kg2 {[%clk 00:18:10]} {[%emt 00:08:41]} Kf7 {[%clk 00:07:36]} {[%emt 00:02:56]}
30. Rc1 {[%clk 00:12:51]} {[%emt 00:05:51]} g5 {[%clk 00:07:26]} {[%emt
00:00:40]} 31. Qb4 {[%clk 00:12:04]} {[%emt 00:01:17]} Qe6 {[%clk 00:04:54]}
{[%emt 00:03:02]} 32. Rc5 {[%clk 00:10:54]} {[%emt 00:01:40]} f4 {[%clk
00:04:22]} {[%emt 00:01:02]} 33. Qxb5 {[%clk 00:10:32]} {[%emt 00:00:52]} Rad8
{[%clk 00:01:22]} {[%emt 00:03:30]} 34. Rxd5 {[%clk 00:09:41]} {[%emt
00:01:21]} Rxd5 {[%clk 00:01:39]} {[%emt 00:00:14]} 35. Qb7 {[%clk 00:09:52]}
{[%emt 00:00:18]} Qe7 {[%clk 00:01:06]} {[%emt 00:01:03]} 36. Qc8 {[%clk
00:07:39]} {[%emt 00:02:43]} e3 {[%clk 00:01:24]} {[%emt 00:00:12]} 37. Re2
{[%clk 00:07:55]} {[%emt 00:00:13]} Rxd4 {[%clk 00:00:58]} {[%emt 00:00:57]}
38. Qf5+ {[%clk 00:07:04]} {[%emt 00:01:20]} Qf6 {[%clk 00:00:45]} {[%emt
00:00:44]} 39. Qxf6+ {[%clk 00:01:13]} {[%emt 00:06:21]} Kxf6 {[%clk 00:01:13]}
40. fxe3 {[%clk 00:01:42]} {[%emt 00:00:02]} Rd3 {[%clk 00:00:56]} {[%emt
00:00:47]} 41. gxf4 {[%clk 00:00:52]} {[%emt 00:01:19]} gxf4 {[%clk 00:01:08]}
{[%emt 00:00:19]} 42. exf4 {[%clk 00:29:24]} {[%emt 00:01:57]} Rxb3 {[%clk
00:30:21]} {[%emt 00:01:18]} 43. Rd2 {[%clk 00:28:54]} {[%emt 00:00:59]} Rc3
{[%clk 00:29:35]} {[%emt 00:01:15]} 44. Rd7 {[%clk 00:29:23]} {[%emt 00:00:03]}
Rxc6 {[%clk 00:29:53]} {[%emt 00:00:11]} 45. Rxh7 {[%clk 00:29:49]} {[%emt
00:00:04]} Rc3 {[%clk 00:28:56]} {[%emt 00:01:27]} 46. Rh5 {[%clk 00:28:12]}
{[%emt 00:02:07]} c5 {[%clk 00:27:32]} {[%emt 00:01:55]} 47. Rg5 {[%clk
00:28:37]} {[%emt 00:00:04]} c4 {[%clk 00:25:39]} {[%emt 00:02:23]} 48. h4
{[%clk 00:28:55]} {[%emt 00:00:12]} Rc1 {[%clk 00:23:20]} {[%emt 00:02:50]} 49.
h5 {[%clk 00:29:01]} {[%emt 00:00:23]} c3 {[%clk 00:22:12]} {[%emt 00:01:39]}
50. Rc5 {[%clk 00:28:47]} {[%emt 00:00:42]} c2 {[%clk 00:20:02]} {[%emt
00:02:42]} 51. Rc6+ {[%clk 00:28:30]} {[%emt 00:00:47]} Kg7 {[%clk 00:20:04]}
{[%emt 00:00:26]} 52. f5 {[%clk 00:28:53]} {[%emt 00:00:09]} Rd1 {[%clk
00:16:59]} {[%emt 00:03:35]} 53. Rxc2 {[%clk 00:28:53]} {[%emt 00:00:30]} Kh6
{[%clk 00:14:48]} {[%emt 00:02:41]} 54. Kf3 {[%clk 00:24:52]} {[%emt 00:04:30]}
Rd4 {[%clk 00:08:39]} {[%emt 00:06:39]} 55. Re2 {[%clk 00:18:16]} {[%emt
00:07:06]} Kxh5 {[%clk 00:03:20]} {[%emt 00:05:50]} 56. Re4 {[%clk 00:18:44]}
{[%emt 00:00:02]} Rd5 {[%clk 00:03:09]} {[%emt 00:00:38]} 57. Kf4 {[%clk
00:19:12]} {[%emt 00:00:04]} Kh6 {[%clk 00:02:54]} {[%emt 00:00:43]} 58. Re6+
{[%clk 00:19:16]} {[%emt 00:00:28]} Kg7 {[%clk 00:02:55]} {[%emt 00:00:28]} 59.
Kg5 {[%clk 00:19:35]} {[%emt 00:00:13]} Ra5 {[%clk 00:00:53]} {[%emt 00:02:30]}
60. Re7+ {[%clk 00:19:53]} {[%emt 00:00:13]} Kf8 {[%clk 00:00:49]} {[%emt
00:00:34]} 61. Re6 {[%clk 00:19:53]} {[%emt 00:00:36]} Ra7 {[%clk 00:00:53]}
{[%emt 00:00:25]} 62. Kf6 {[%clk 00:18:49]} {[%emt 00:01:35]} Rf7+ {[%clk
00:01:15]} {[%emt 00:00:09]} 63. Ke5 {[%clk 00:19:08]} {[%emt 00:00:11]} Re7
{[%clk 00:01:08]} {[%emt 00:00:37]} 64. Kd6 {[%clk 00:18:00]} {[%emt 00:01:38]}
Rf7 {[%clk 00:00:50]} {[%emt 00:00:48]} 65. Re5 {[%clk 00:17:20]} {[%emt
00:01:08]} Rf6+ {[%clk 00:00:49]} {[%emt 00:00:32]} 66. Kd5 {[%clk 00:17:37]}
{[%emt 00:00:13]} Kf7 {[%clk 00:00:58]} {[%emt 00:00:21]} 67. Ke4 {[%clk
00:18:06]} Ra6 {[%clk 00:01:08]} {[%emt 00:00:21]} 68. Rb5 {[%clk 00:18:31]}
{[%emt 00:00:05]} Rc6 {[%clk 00:01:06]} {[%emt 00:00:32]} 69. Ke5 {[%clk
00:18:56]} {[%emt 00:00:06]} Ra6 {[%clk 00:01:05]} {[%emt 00:00:29]} 70. Rb7+
{[%clk 00:19:14]} {[%emt 00:00:14]} Kf8 {[%clk 00:01:16]} {[%emt 00:00:18]} 71.
Rd7 {[%clk 00:19:39]} {[%emt 00:00:06]} Ke8 {[%clk 00:01:22]} {[%emt 00:00:22]}
72. Rd1 {[%clk 00:19:28]} {[%emt 00:00:42]} Rb6 {[%clk 00:01:37]} {[%emt
00:00:13]} 73. Kf4 {[%clk 00:19:48]} {[%emt 00:00:12]} Kf8 {[%clk 00:01:45]}
{[%emt 00:00:20]} 74. Kg5 {[%clk 00:20:10]} {[%emt 00:00:10]} Ra6 {[%clk
00:01:52]} {[%emt 00:00:23]} 75. Rb1 {[%clk 00:19:27]} {[%emt 00:01:13]} Rc6
{[%clk 00:02:14]} {[%emt 00:00:09]} 76. f6 {[%clk 00:19:15]} {[%emt 00:00:42]}
Rc2 {[%clk 00:02:18]} {[%emt 00:00:25]} 77. Rb8+ {[%clk 00:19:29]} {[%emt
00:00:14]} Kf7 {[%clk 00:02:36]} {[%emt 00:00:14]} 78. Rb7+ {[%clk 00:19:57]}
{[%emt 00:00:03]} Kf8 {[%clk 00:02:57]} {[%emt 00:00:09]} 79. Kg6 {[%clk
00:20:22]} {[%emt 00:00:04]} Rg2+ {[%clk 00:03:18]} {[%emt 00:00:09]} 1/2-1/2

[Event "DEM U14 2023"]
[Site "Willingen GER"]
[Date "2023.06.01"]
[Round "7"]
[White "Aniol, Nico"]
[Black "Jahnz, Laurin"]
[Result "0-1"]
[Termination "normal"]
[Board "13"]
[WhiteElo "1592"]
[BlackElo "1896"]
[WhiteClock "00:30:19"]
[BlackClock "00:25:29"]
[PlyCount "98"]
[WhiteFideId "16287096"]
[BlackFideId "16261089"]
[EventCountry "GER"]
[EventRounds "9"]
[EventType "swiss"]
[EventDate "2023.05.27"]

1. e4 {[%clk 01:30:57]} {[%emt 00:00:02]} c6 {[%clk 01:30:58]} {[%emt
00:00:02]} 2. d4 {[%clk 01:31:23]} {[%emt 00:00:04]} d5 {[%clk 01:31:25]}
{[%emt 00:00:03]} 3. e5 {[%clk 01:31:50]} {[%emt 00:00:04]} Bf5 {[%clk
01:31:50]} {[%emt 00:00:04]} 4. Nf3 {[%clk 01:32:15]} {[%emt 00:00:05]} e6
{[%clk 01:32:12]} {[%emt 00:00:08]} 5. Be2 {[%clk 01:32:41]} {[%emt 00:00:04]}
Ne7 {[%clk 01:32:33]} {[%emt 00:00:09]} 6. c3 {[%clk 01:32:55]} {[%emt
00:00:16]} Nd7 {[%clk 01:32:55]} {[%emt 00:00:08]} 7. O-O {[%clk 01:33:20]}
{[%emt 00:00:05]} Nc8 {[%clk 01:33:20]} {[%emt 00:00:05]} 8. Ne1 {[%clk
01:25:40]} {[%emt 00:08:10]} Be7 {[%clk 01:31:24]} {[%emt 00:02:26]} 9. Nd2
{[%clk 01:23:52]} {[%emt 00:02:19]} O-O {[%clk 01:25:22]} {[%emt 00:06:31]} 10.
f4 {[%clk 01:22:16]} {[%emt 00:02:06]} Bg6 {[%clk 01:24:20]} {[%emt 00:01:32]}
11. Ndf3 {[%clk 01:14:17]} {[%emt 00:08:29]} c5 {[%clk 01:21:02]} {[%emt
00:03:48]} 12. Kh1 {[%clk 01:12:03]} {[%emt 00:02:44]} Rb8 {[%clk 01:13:35]}
{[%emt 00:07:57]} 13. Be3 {[%clk 01:07:51]} {[%emt 00:04:42]} a6 {[%clk
01:09:22]} {[%emt 00:04:43]} 14. dxc5 {[%clk 01:01:28]} {[%emt 00:06:54]} Bxc5
{[%clk 01:05:41]} {[%emt 00:04:11]} 15. Bxc5 {[%clk 00:57:21]} {[%emt
00:04:37]} Nxc5 {[%clk 01:06:06]} {[%emt 00:00:04]} 16. Nd4 {[%clk 00:57:44]}
{[%emt 00:00:07]} Qb6 {[%clk 00:56:06]} {[%emt 00:10:30]} 17. b4 {[%clk
00:52:30]} {[%emt 00:05:44]} Ne4 {[%clk 00:55:02]} {[%emt 00:01:34]} 18. Rc1
{[%clk 00:52:02]} {[%emt 00:00:58]} Ne7 {[%clk 00:51:04]} {[%emt 00:04:28]} 19.
Bf3 {[%clk 00:47:23]} {[%emt 00:05:09]} Rbc8 {[%clk 00:34:18]} {[%emt
00:17:16]} 20. Bxe4 {[%clk 00:46:41]} {[%emt 00:01:11]} dxe4 {[%clk 00:32:04]}
{[%emt 00:02:45]} 21. Qb3 {[%clk 00:42:28]} {[%emt 00:04:43]} Rfd8 {[%clk
00:30:13]} {[%emt 00:02:20]} 22. Nec2 {[%clk 00:39:56]} {[%emt 00:04:43]} Nd5
{[%clk 00:28:21]} {[%emt 00:00:41]} 23. Ne2 {[%clk 00:39:31]} {[%emt 00:00:55]}
e3 {[%clk 00:23:11]} {[%emt 00:05:40]} 24. Ncd4 {[%clk 00:35:26]} {[%emt
00:04:35]} Ne7 {[%clk 00:11:07]} {[%emt 00:12:34]} 25. Rfe1 {[%clk 00:31:20]}
{[%emt 00:04:36]} h5 {[%clk 00:08:48]} {[%emt 00:02:49]} 26. h3 {[%clk
00:29:49]} {[%emt 00:02:01]} Nc6 {[%clk 00:06:22]} {[%emt 00:02:56]} 27. Kh2
{[%clk 00:25:13]} {[%emt 00:05:06]} h4 {[%clk 00:04:55]} {[%emt 00:01:57]} 28.
a4 {[%clk 00:13:07]} {[%emt 00:12:36]} Be4 {[%clk 00:04:54]} {[%emt 00:00:31]}
29. Nxc6 {[%clk 00:08:36]} {[%emt 00:05:01]} bxc6 {[%clk 00:01:45]} {[%emt
00:03:39]} 30. Nd4 {[%clk 00:04:56]} {[%emt 00:04:11]} c5 {[%clk 00:02:10]}
{[%emt 00:00:04]} 31. bxc5 {[%clk 00:05:14]} {[%emt 00:00:12]} Qxb3 {[%clk
00:02:36]} {[%emt 00:00:04]} 32. Nxb3 {[%clk 00:05:40]} {[%emt 00:00:04]} Rd3
{[%clk 00:02:49]} {[%emt 00:00:17]} 33. a5 {[%clk 00:02:58]} {[%emt 00:03:13]}
Bd5 {[%clk 00:02:38]} {[%emt 00:00:41]} 34. Nd4 {[%clk 00:01:45]} {[%emt
00:01:43]} Rxc5 {[%clk 00:02:59]} {[%emt 00:00:08]} 35. Ne2 {[%clk 00:01:56]}
{[%emt 00:00:19]} Rxa5 {[%clk 00:01:50]} {[%emt 00:01:39]} 36. c4 {[%clk
00:02:17]} {[%emt 00:00:09]} Bc6 {[%clk 00:01:52]} {[%emt 00:00:27]} 37. Rc3
{[%clk 00:02:17]} {[%emt 00:00:30]} Ra3 {[%clk 00:01:40]} {[%emt 00:00:43]} 38.
Rxa3 {[%clk 00:02:35]} {[%emt 00:00:12]} Rxa3 {[%clk 00:02:07]} {[%emt
00:00:03]} 39. Nd4 {[%clk 00:02:56]} {[%emt 00:00:09]} Be4 {[%clk 00:02:23]}
{[%emt 00:00:15]} 40. c5 {[%clk 00:02:25]} {[%emt 00:01:01]} Ra2 {[%clk
00:01:37]} {[%emt 00:01:15]} 41. Re2 {[%clk 00:29:44]} {[%emt 00:03:11]} Rxe2
{[%clk 00:31:12]} {[%emt 00:00:55]} 42. Nxe2 {[%clk 00:30:10]} {[%emt
00:00:04]} Kf8 {[%clk 00:25:26]} {[%emt 00:06:15]} 43. g3 {[%clk 00:28:07]}
{[%emt 00:02:34]} Bd3 {[%clk 00:23:01]} {[%emt 00:02:55]} 44. Nc1 {[%clk
00:28:29]} {[%emt 00:00:07]} Bc4 {[%clk 00:23:29]} {[%emt 00:00:02]} 45. Kg2
{[%clk 00:28:48]} {[%emt 00:00:11]} e2 {[%clk 00:23:55]} {[%emt 00:00:05]} 46.
Kf2 {[%clk 00:29:09]} {[%emt 00:00:09]} hxg3+ {[%clk 00:24:21]} {[%emt
00:00:03]} 47. Ke1 {[%clk 00:29:23]} {[%emt 00:00:16]} g2 {[%clk 00:24:44]}
{[%emt 00:00:07]} 48. Nxe2 {[%clk 00:29:51]} {[%emt 00:00:03]} Bxe2 {[%clk
00:25:09]} {[%emt 00:00:05]} 49. Kf2 {[%clk 00:30:19]} {[%emt 00:00:02]} Bf1
{[%clk 00:25:29]} {[%emt 00:00:10]} 0-1